Estadísticas para Quiz de preguntas aleatorias de videojuegos

Haz click aquí para intentar la prueba.

Estadísticas generales

  • Esta prueba ha sido intentada 20 veces
  • La puntuación promedio es 3 de 10

Estadísticas de respuestas

PreguntaRespuesta% Correcto
Videojuego: Rocket League ¿Qué nombre recibe el carro más popular del juego? (El primerito)Octane
53%
Videojuego: Super Mario Bros 3D World ¿Qué personaje puedes desbloquear tras completar el segundo nivel del primer mundo especial?Estela/Rosalina
47%
Videojuego: Among Us ¿Qué nombre recibe el último mapa lanzado en el juego?The Fungle
47%
Videojuego: Geometry Dash. ¿Cuál es el quinto nivel del apartado de niveles de RobTop?Base after base
35%
Videojuego: Fortnite ¿En qué temporada salió la skin Malik?Capítulo 3 Temporada 3
35%
Videojuego: Mario Kart 8 Deluxe ¿Qué personaje predominó en el meta del juego hasta la salida de las pistas de los DLC con su icónica combinación del "Floruquad" y "Ruedas pequeñas"?Waluigi
35%
Videojuego: Undertale Contra quién te enfrentas mientras suena la música titulada Bergentrückung?Asgore
24%
Videojuego: Pokemon (El juego específico es la pregunta) ¿En qué generación apareció por primera vez el movimiento "Sustitución"?Primera generación(Rojo/Azul/Amarillo)
24%
Videojuego: Elden Ring ¿Que nombre recibe el jefe del tutorial?Vástago injertado
18%
Videojuego: Five Night´s at Freddy´s Pizzeria Simulator ¿A quién se supone que estamos manejando dentro del juego?Henry Emily
12%

Distribución de puntuación

Porcentaje por número respondido

Porcentaje de gente con cada puntuación

Historial de tus puntuaciones

No has intentado esta prueba.